Football Clubs Logo - Statistics

General Stats
  • This quiz has been taken 968 times
  • The average score is 9 of 12
Answer Stats
Picture Answer % Correct
Real Madrid
97%
FC Barcelona
88%
Chelsea F.C.
82%
Juventus F.C.
82%
Manchester United F.C.
82%
Paris Saint-Germain F.C.
82%
FC Bayern München
80%
A.S. Roma
73%
Tottenham Hotspur F.C.
69%
Liverpool F.C.
66%
Arsenal F.C.
62%
Leicester City F.C.
45%
No matching quizzes found
Score Distribution
Percent of People with Each Score
Percentile by Number Answered
Your Score History
You have not taken this quiz